000 005580000a22001810004500
003 MACL
005 20160227154952.0
008 160227b xxu||||| |||| 00| 0 eng d
040 _aMACL
_cMACL
041 _aHindi
082 _a800
100 _aडॉ रामकुमार वर्मा
_941009
245 _aसंस्‍मरर्णों के सुमन
260 _bसाहित्‍य भवन लिमिटेड
_c1982
_aइलाहाबाद
350 _a22
650 _aLiteracture
_939932
942 _cHIN
_k800
_2ddc
999 _c28025
_d28025